000
00276nam a2200109Ia 4500
008
190216s9999||||xx |||||||||||||| ||und||
100
_a
"Datason Rp, Sadana Bl&Amp; Gulati Sl"
245
0
_a
Guide To Mat
260
_b
New Light Publishers
_c
1998
300
_a
334p
942
_c
REF
999
_c
36360
_d
36360